Encyclopaedia of experiments in physics, Vol. : 1-10 / (Record no. 1097)

MARC details
000 -LEADER
fixed length control field 00731nam a2200229 a 4500
003 - CONTROL NUMBER IDENTIFIER
control field BD-DhJNU
005 - DATE AND TIME OF LATEST TRANSACTION
control field 20250116051429.0
008 - FIXED-LENGTH DATA ELEMENTS--GENERAL INFORMATION
fixed length control field 250114s2009 bg a rb f100 0 eng
020 ## - INTERNATIONAL STANDARD BOOK NUMBER
International Standard Book Number 9788180302930
040 ## - CATALOGING SOURCE
Original cataloging agency BD-DhJNU
Language of cataloging ENG
Transcribing agency BD-DhJNU
Modifying agency BD-DhJNU
082 00 - DEWEY DECIMAL CLASSIFICATION NUMBER
Classification number 530.78 PAE
Edition number 23
100 1# - MAIN ENTRY--PERSONAL NAME
Personal name Patel, Nishant
245 10 - TITLE STATEMENT
Title Encyclopaedia of experiments in physics, Vol. : 1-10 /
Statement of responsibility, etc. Nishant Patel and Gautham Sharma
250 ## - EDITION STATEMENT
Edition statement 1st ed.
260 ## - PUBLICATION, DISTRIBUTION, ETC.
Place of publication, distribution, etc. New Delhi :
Name of publisher, distributor, etc. Crescent Publishing Corporation,
Date of publication, distribution, etc. 2009.
300 ## - PHYSICAL DESCRIPTION
Extent v, 268 p. :
Other physical details ill. ;
Dimensions 23 cm.
490 ## - SERIES STATEMENT
Volume/sequential designation Vol. : 1-10
504 ## - BIBLIOGRAPHY, ETC. NOTE
Bibliography, etc. note Includes bibliographical references and index.
650 #0 - SUBJECT ADDED ENTRY--TOPICAL TERM
Topical term or geographic name entry element Physics Experiments
650 #0 - SUBJECT ADDED ENTRY--TOPICAL TERM
Topical term or geographic name entry element Encyclopedias
700 1# - ADDED ENTRY--PERSONAL NAME
Personal name Sharma, Gautham
Holdings
Withdrawn status Lost status Source of classification or shelving scheme Damaged status Not for loan Collection Home library Current library Shelving location Date acquired Source of acquisition Total checkouts Full call number Barcode Date last seen Copy number Price effective from Koha item type
    Dewey Decimal Classification     Reference Jagannath University Central Library Jagannath University Central Library Reference 01/16/2025 Donation   530.78 PAE JNUCL20643R 01/16/2025 1 01/16/2025 Reference
    Dewey Decimal Classification     Reference Jagannath University Central Library Jagannath University Central Library Reference 01/16/2025 Donation   530.78 PAE JNUCL20644R 01/16/2025 2 01/16/2025 Reference
    Dewey Decimal Classification     Reference Jagannath University Central Library Jagannath University Central Library Reference 01/16/2025 Donation   530.78 PAE JNUCL20645R 01/16/2025 3 01/16/2025 Reference
    Dewey Decimal Classification     Reference Jagannath University Central Library Jagannath University Central Library Reference 01/16/2025 Donation   530.78 PAE JNUCL20646R 01/16/2025 4 01/16/2025 Reference
    Dewey Decimal Classification     Reference Jagannath University Central Library Jagannath University Central Library Reference 01/16/2025 Donation   530.78 PAE JNUCL20647R 01/16/2025 5 01/16/2025 Reference
    Dewey Decimal Classification     Reference Jagannath University Central Library Jagannath University Central Library Reference 01/16/2025 Donation   530.78 PAE JNUCL20648R 01/16/2025 6 01/16/2025 Reference
    Dewey Decimal Classification     Reference Jagannath University Central Library Jagannath University Central Library Reference 01/16/2025 Donation   530.78 PAE JNUCL20649R 01/16/2025 7 01/16/2025 Reference
    Dewey Decimal Classification     Reference Jagannath University Central Library Jagannath University Central Library Reference 01/16/2025 Donation   530.78 PAE JNUCL20650R 01/16/2025 8 01/16/2025 Reference
    Dewey Decimal Classification     Reference Jagannath University Central Library Jagannath University Central Library Reference 01/16/2025 Donation   530.78 PAE JNUCL20651R 01/16/2025 9 01/16/2025 Reference
    Dewey Decimal Classification     Reference Jagannath University Central Library Jagannath University Central Library Reference 01/16/2025 Donation   530.78 PAE JNUCL20652R 01/16/2025 10 01/16/2025 Reference